000 00636nam a2200229Ia 4500
003 OSt
005 20221007081520.0
006 a|||||r|||| 00| 0
007 ta
008 221006b |||||||| |||| 00| 0 eng d
024 _a28,213
037 _cTextual
040 _aFLL
_cFLL
_beng
041 _2eng
_aeng
082 _aZ73;44, L2.2
100 _aSpeiser Stuart M.
_9328283
245 0 _aNegligence case
_b Res Ipsa Loquitur
260 _aNew York
_bThe Lawhers Co-operative Publishing Co.
_c1972
300 _a586p
_ccm.
942 _hZ73;44, L2.2
_cTEXL
_2CC
999 _c1163297
_d1163297